| 000 | 00623nam a2200193Ii 4500 | ||
|---|---|---|---|
| 003 | JO-AjNU | ||
| 008 | 230606s9999||||xx |||||||||||||| ||und|| | ||
| 040 |
_aJO-AjNU _beng _erda _cJO-AjNU |
||
| 041 | _aeng | ||
| 050 | 1 | 4 | _aBP133 2011 |
| 100 | 3 |
_aMujibur Rahman, Muhammad, _eauthor _96073 |
|
| 245 | 0 | 0 | _aInterpretation of the Meanings THE QUR,AN In the Bangla Language |
| 250 | _a3rd ed | ||
| 264 | 3 | 1 | _aBangla: Muhammad Mujibur Rahman, 2011 |
| 336 |
_atext _btxt _2rdacontent |
||
| 337 |
_aunmediated _bn _2rdamedia |
||
| 338 |
_avolume _bnc _2rdacarrier |
||
| 650 | 4 |
_a THE QUR,AN - Bangla Language-Interpretation _96074 |
|
| 999 |
_aE3150 _c3147 _d3147 |
||